« Retourner aux résultats de recherche
Ecole des superhéros (L')
| Auteur principal: | Serge Bloch |
|---|---|
| Support: | Livres |
| Langue: | Francais |
| Publié: |
2022 mini BD kids Montrouge |
| Series: |
SamSam |
| Genre: |
Bande Dessinée enfant ado |
| Sujets: | |
| Étiquettes: |
Ajouter
Pas de Tags !
|
| LEADER | 00537nam0a2200169 450 | ||
|---|---|---|---|
| 001 | 16839898 | ||
| 010 | |a 979-1036350504 |b Br. |d 9,4 | ||
| 100 | |a 20220907d2022 u u0frey01 ba | ||
| 101 | 0 | |a fre | |
| 200 | 0 | |a Ecole des superhéros (L') |f Serge Bloch | |
| 207 | 1 | |a | |
| 210 | |a Montrouge |c mini BD kids |d 2022 | ||
| 461 | 0 | |t SamSam |v 9 | |
| 700 | 0 | |a Bloch |b Serge |f 1956-.... |4 70 | |
| 900 | |a Bande Dessinée enfant ado | ||
| 901 | |a Accessible au prêt | ||
| 995 | |a Bibliothèque |c Bibliothèque |f 024022688 |h 024022688 |k BD BLO |o p |q j |r az |e Bibliothèque | ||
